000 00607nam a2200193 i 4500
001 145831
003 ES-MaACL
005 20230906201328.0
007 t|
008 071017s1963 sp ||||1| spa d
100 1 _aVega, Ángel Custodio.
_9113535
245 1 0 _aCumbres místicas
_b: Fray Luis de León y San Juan de la Cruz (encuentros y coincidencias) /
_cAngel C. Vega.
260 _aMadrid :
_bAguilar,
_c1963.
300 _a287 p. ;
_c21 cm.
490 1 _aEnsayistas hispánicos
830 0 _aEnsayistas hispánicos
_9181410
852 _aES-MaACL
_jC-24642
_bR.53449
999 _c145831
_d145831